Представление документа в формате MARC21

Поле Инд. ПП Название Значение
Тип записи a
Библиографический уровень m
001 Контрольный номер 73e99846-d357-471c-8c24-3ee474592594
005 Дата корректировки 20230216145251.0
008 Кодируемые данные 001228 d
020 a ISBN 5-235-00128-1 (в пер.)
020 a ISBN 5-235-00127-3
040 a Служба первич. каталог. RU-RKP
040 a Служба первич. каталог. НБ ТвГУ
041 0_ a Код языка текста rus
080 a Индекс УДК 882-8
084 a Индекс другой классификации/Индекс ББК Ш6(2=411.2)6-46
090 x Авторский знак Б83
a Полочн. индекс Р2
100 1_ a Автор Боровик Генрих Авиэзерович
t Повесть о зеленой ящерице; В гостях у Эрнеста Хемингуэя; Репортаж с фашистских границ; Май в Лиссабоне; Контора на улице Монтэра; Пьесы: Интервью в Буэнос-Айресе; Агент 00
245 10 a Заглавие Избранное
n Номер части/ раздела Т. 2
b Продолж. заглавия В 2 т.
c Ответственность Генрих Боровик
260 0_ a Место издания Москва
b Издательство Молодая гвардия
c Дата издания 1988
300 a Объем 638,[2] с.
c Размеры 21 см
500 a Примечание Перед вып. дан. авт.: Генрих Аверьянович Боровик.
a Примечание Содерж.: Повесть о зеленой ящерице; В гостях у Эрнеста Хемингуэя; Репортаж с фашистских границ; Май в Лиссабоне; Контора на улице Монтэра; Пьесы: Интервью в Буэнос-Айресе; Агент 00.
650 04 a Основная рубрика Хемингуэй, Эрнест, о нем (х.л.)
653 0_ a Ключевые слова Хемингуэй (х.л.)
a Ключевые слова Художественная
a Ключевые слова Художественная
700 12 t Заглавие произведения В гостях у Эрнеста Хемингуэя
700 1_ t Заглавие произведения Репортаж с фашистских границ
700 1_ t Заглавие произведения Май в Лиссабоне
700 1_ t Заглавие произведения Контора на улице Монтэра
700 1_ k пьеса
t Заглавие произведения Интервью в Буэнос-Айресе
700 1_ k пьеса
t Заглавие произведения Агент ОО
852 41 i Расстановочный признак Проверка 2023
920 a Оператор Хохл
930 a Новая/Ретро художественная
952 c Вид литературы К рх
954 a Дата поступления на обработку 20000525
e Дата перешифровки 20230216